[Event "AUT-chT 0304"]
[Site "Austria"]
[Date "2004.03.21"]
[Round "11"]
[White "Herndl, Harald"]
[Black "Amann, Guenter"]
[Result "1/2-1/2"]
[WhiteElo "2313"]
[BlackElo "2292"]
[PlyCount "24"]
[EventDate "2003.11.28"]
[EventType "team-tourn"]
[EventRounds "11"]
[EventCountry "AUT"]
[SourceTitle "CBM 097 Extra"]
[Source "ChessBase"]
[SourceDate "2004.01.13"]
[SourceVersion "1"]
[SourceVersionDate "2004.01.13"]
[SourceQuality "1"]
[WhiteTeam "Graz Austria"]
[BlackTeam "Hohenems"]
[WhiteTeamCountry "AUT"]
[BlackTeamCountry "AUT"]

1. Nf3 Nf6 2. d4 g6 3. c4 Bg7 4. Nc3 d6 5. e4 0-0 6. Be2 e5 7. 0-0 Nc6 8. d5 Ne7 9. Ne1 Nd7 10. Nd3 f5 11. f3 f4 12. g4 g5 1/2-1/2

[Event "EU-Cup 19th"]
[Site "Rethymno"]
[Date "2003.10.01"]
[Round "4.2"]
[White "Berndt, Stephan"]
[Black "Herndl, Harald"]
[Result "1/2-1/2"]
[WhiteElo "2462"]
[BlackElo "2334"]
[PlyCount "55"]
[EventDate "2003.09.28"]
[EventType "team-swiss"]
[EventRounds "7"]
[EventCountry "GRE"]
[SourceTitle "CBM 098"]
[Source "ChessBase"]
[SourceDate "2004.02.03"]
[SourceVersion "1"]
[SourceVersionDate "2004.02.03"]
[SourceQuality "1"]
[WhiteTeam "Berlin SF"]
[BlackTeam "Graz Austria"]
[WhiteTeamCountry "GER"]
[BlackTeamCountry "AUT"]

1. e4 e6 2. d4 d5 3. Nc3 Nf6 4. e5 Nfd7 5. f4 c5 6. Nf3 Nc6 7. Be3 cxd4 8. Nxd4 Bc5 9. Qd2 0-0 10. 0-0-0 a6 11. Kb1 Bxd4 12. Bxd4 b5 13. Bf2 Qa5 14. Bd3 b4 15. Ne2 Nc5 16. Bxc5 Qxc5 17. Nc1 a5 18. Rhe1 a4 19. g4 Ba6 20. f5 Rfc8 21. f6 g6 22. h4 Bxd3 23. Nxd3 Qf8 24. h5 b3 25. Rh1 bxc2+ 26. Qxc2 g5 27. Qd2 h6 28. Rc1 1/2-1/2

[Event "EU-Cup 19th"]
[Site "Rethymno"]
[Date "2003.09.29"]
[Round "2.2"]
[White "Herndl, Harald"]
[Black "Grivas, Efstratios"]
[Result "0-1"]
[WhiteElo "2334"]
[BlackElo "2492"]
[PlyCount "122"]
[EventDate "2003.09.28"]
[EventType "team-swiss"]
[EventRounds "7"]
[EventCountry "GRE"]
[SourceTitle "CBM 098"]
[Source "ChessBase"]
[SourceDate "2004.02.03"]
[SourceVersion "1"]
[SourceVersionDate "2004.02.03"]
[SourceQuality "1"]
[WhiteTeam "Graz Austria"]
[BlackTeam "Chania Kydon"]
[WhiteTeamCountry "AUT"]
[BlackTeamCountry "GRE"]

1. d4 Nf6 2. c4 g6 3. Nc3 Bg7 4. e4 d6 5. Nf3 0-0 6. Be2 Nbd7 7. 0-0 e5 8. Be3 h6 9. dxe5 Ng4 10. Bd2 dxe5 11. h3 Ngf6 12. Be3 c6 13. Qd2 Kh7 14. b4 Nh5 15. c5 Nf4 16. Bc4 Qf6 17. Ne1 Re8 18. Kh2 Nf8 19. Rd1 h5 20. Nc2 N8e6 21. Ne2 a5 22. a3 axb4 23. axb4 Ng5 24. Nxf4 exf4 25. Bd4 Nxe4 26. Bxf6 Nxd2 27. Rxd2 Bxf6 28. Bxf7 Re7 29. Bb3 Bf5 30. Rfd1 Bc3 31. Rd6 Re2 32. Nd4 Bxd4 33. R1xd4 Rxf2 34. Rd2 Rxd2 35. Rxd2 Ra1 36. Rd4 Rb1 37. Bd1 h4 38. Bg4 Bxg4 39. hxg4 Kh6 40. Rxf4 Kg5 41. Re4 Kf6 42. g3 Kg5 43. gxh4+ Kxh4 44. Kg2 Rb3 45. Kf2 g5 46. Ke2 Kg3 47. Kd2 Kf3 48. Rd4 Ra3 49. Rd7 Ra7 50. Rd4 Ra8 51. Rd7 Rb8 52. Rd4 Rg8 53. Kd3 Rg7 54. Kd2 Re7 55. Kc3 Re3+ 56. Kc4 Re4 57. Rxe4 Kxe4 58. Kb3 Kd3 59. Ka4 Kc4 60. Ka3 Kc3 61. Ka4 Kb2 0-1

[Event "AUT-chT 9900"]
[Site "Austria"]
[Date "2000.03.18"]
[Round "10.4"]
[White "Herndl, Harald"]
[Black "Opl, Klaus"]
[Result "1/2-1/2"]
[WhiteElo "2342"]
[BlackElo "2340"]
[PlyCount "53"]
[EventDate "1999.10.22"]
[EventType "team-tourn"]
[EventRounds "11"]
[EventCountry "AUT"]
[SourceTitle "EXT 2000"]
[Source "ChessBase"]
[SourceDate "1999.11.16"]
[SourceVersion "1"]
[SourceVersionDate "1999.11.16"]
[SourceQuality "1"]
[WhiteTeam "Graz Austria"]
[BlackTeam "Salzburg Mozart"]
[WhiteTeamCountry "AUT"]
[BlackTeamCountry "AUT"]

1. Nf3 Nf6 2. b3 g6 3. Bb2 Bg7 4. g3 d6 5. Bg2 0-0 6. d4 Nbd7 7. 0-0 e5 8. dxe5 Ng4 9. Nd4 dxe5 10. Nb5 a6 11. N5a3 Qg5 12. Nc4 Rb8 13. Nc3 h5 14. h4 Qd8 15. Ne4 Re8 16. Qd5 Qe7 17. Ba3 Qe6 18. Qxe6 Rxe6 19. Rad1 Re8 20. Bb2 Nf8 21. e3 b6 22. Ng5 Bb7 23. Bxb7 Rxb7 24. e4 f6 25. Nf3 Ne6 26. b4 Rbb8 27. Rd7 1/2-1/2

[Event "AUT-chT 9900"]
[Site "Austria"]
[Date "2000.03.17"]
[Round "9.4"]
[White "Herndl, Harald"]
[Black "Neulinger, Manfred"]
[Result "0-1"]
[WhiteElo "2342"]
[BlackElo "2328"]
[PlyCount "144"]
[EventDate "1999.10.22"]
[EventType "team-tourn"]
[EventRounds "11"]
[EventCountry "AUT"]
[SourceTitle "EXT 2000"]
[Source "ChessBase"]
[SourceDate "1999.11.16"]
[SourceVersion "1"]
[SourceVersionDate "1999.11.16"]
[SourceQuality "1"]
[WhiteTeam "Graz Austria"]
[BlackTeam "Wiener Neustadt"]
[WhiteTeamCountry "AUT"]
[BlackTeamCountry "AUT"]

1. Nf3 Nf6 2. d4 e6 3. e3 b6 4. Bd3 Bb7 5. Nbd2 c5 6. 0-0 Nc6 7. c3 Qc7 8. a3 a5 9. e4 d5 10. e5 Nd7 11. Qe2 Be7 12. Re1 h6 13. Nf1 Qc8 14. Ng3 Ba6 15. Nh5 g6 16. Nf4 Bxd3 17. Qxd3 Qa6 18. Qb1 Nf8 19. Be3 a4 20. Qc2 Qb5 21. Rad1 Na5 22. h3 Rc8 23. Nh2 h5 24. Nf3 Nb3 25. h4 cxd4 26. Bxd4 Rg8 27. Re3 Nd7 28. Nh3 Rc4 29. Qe2 Qc6 30. Nfg5 Rg7 31. Rf3 Nf8 32. Rf4 Nh7 33. Nf3 b5 34. Qe3 Qb7 35. Rf6 Nxd4 36. Nxd4 Nxf6 37. exf6 Bxf6 38. Nxe6 fxe6 39. Qxe6+ Qe7 40. Qxd5 Rc7 41. Qxb5+ Rd7 42. Nf4 Qe4 43. Nd5 Bd8 44. c4 Kf8 45. Qb4+ Be7 46. Qxa4 Rd8 47. Qc6 Rf7 48. b4 Qxh4 49. g3 Qg4 50. Rd3 Qf5 51. Rd2 Qb1+ 52. Kg2 Qe4+ 53. Kf1 h4 54. gxh4 Qh1+ 55. Ke2 Qxh4 56. f4 Qg4+ 57. Kd3 Rxf4 58. Kc3 Rc8 59. Qxc8+ Qxc8 60. Nxf4 Qa6 61. Kb3 Bg5 62. Rf2 Bxf4 63. Rxf4+ Kg7 64. Rf3 Qd6 65. Rc3 Qd1+ 66. Kb2 Kf6 67. c5 Ke7 68. c6 Kd8 69. Rc5 Kc7 70. b5 Qd4+ 71. Rc3 g5 72. Kb3 g4 0-1

[Event "AUT-chT 9900"]
[Site "Austria"]
[Date "1999.10.22"]
[Round "1.2"]
[White "Herndl, Harald"]
[Black "Lau, Ralf"]
[Result "1-0"]
[WhiteElo "2342"]
[BlackElo "2502"]
[PlyCount "67"]
[EventDate "1999.10.22"]
[EventType "team-tourn"]
[EventRounds "11"]
[EventCountry "AUT"]
[SourceTitle "EXT 2000"]
[Source "ChessBase"]
[SourceDate "1999.11.16"]
[SourceVersion "1"]
[SourceVersionDate "1999.11.16"]
[SourceQuality "1"]
[WhiteTeam "Graz Austria"]
[BlackTeam "Hietzing/Fischer SK"]
[WhiteTeamCountry "AUT"]
[BlackTeamCountry "AUT"]

1. d4 Nf6 2. c4 e6 3. Nc3 Bb4 4. Qc2 c5 5. dxc5 Bxc5 6. Nf3 Qb6 7. e3 Be7 8. Be2 d6 9. 0-0 0-0 10. e4 a6 11. e5 dxe5 12. Nxe5 Nbd7 13. Bf4 Qd4 14. Nxd7 Bxd7 15. Be3 Qh4 16. Rfd1 e5 17. f3 Rad8 18. Bb6 Rc8 19. Qd2 Be6 20. Nd5 Bxd5 21. cxd5 Bd6 22. Bf2 Qa4 23. b3 Qa3 24. Bd3 Bb4 25. Qe2 Rfe8 26. Bh4 Nh5 27. Qe4 g6 28. d6 Bxd6 29. Qxb7 a5 30. Bc4 Rc7 31. Qb5 Rec8 32. Kh1 Bc5 33. Bd8 Rc6 34. Qb7 1-0

[Event "AUT-chT 9899"]
[Site "Austria"]
[Date "1999.??.??"]
[Round "?"]
[White "Thinius, Marco"]
[Black "Herndl, Harald"]
[Result "1-0"]
[WhiteElo "2315"]
[BlackElo "2370"]
[PlyCount "113"]
[EventDate "1998.??.??"]
[EventType "team"]
[EventRounds "11"]
[EventCountry "AUT"]
[SourceTitle "EXT 2000"]
[Source "ChessBase"]
[SourceDate "1999.11.16"]
[SourceVersion "1"]
[SourceVersionDate "1999.11.16"]
[SourceQuality "1"]

1. e4 e6 2. d4 d5 3. Nc3 Nf6 4. Bg5 dxe4 5. Nxe4 Nbd7 6. Nf3 Be7 7. Nxf6+ Bxf6 8. h4 c5 9. Qd2 cxd4 10. Nxd4 Qb6 11. 0-0-0 0-0 12. Bc4 a6 13. Bb3 e5 14. Nf5 Nc5 15. Qd6 Nxb3+ 16. axb3 Bxg5+ 17. hxg5 Qxd6 18. Nxd6 b5 19. Rhe1 f6 20. gxf6 gxf6 21. c4 Ra7 22. Rd3 Rg7 23. g3 Rc7 24. f4 exf4 25. gxf4 Kh8 26. Kd2 Rg8 27. Kc3 Bg4 28. Ne8 Rc6 29. Rd6 Rxd6 30. Nxd6 h5 31. c5 Bf3 32. Re3 Bg2 33. Nf5 Rg4 34. Ne7 h4 35. c6 Rg3 36. Kd2 Rg7 37. c7 Bb7 38. c8Q+ Bxc8 39. Nxc8 Rd7+ 40. Ke2 Rc7 41. Rc3 Rg7 42. Rh3 Rg2+ 43. Kd3 Rxb2 44. Rxh4+ Kg7 45. Kc3 Rf2 46. Nd6 Rf3+ 47. Kb4 Kg6 48. f5+ Kg5 49. Rd4 a5+ 50. Kxb5 Rxb3+ 51. Kc5 Re3 52. Ra4 Re5+ 53. Kc6 Kh5 54. Kd7 Re2 55. Rxa5 Kg4 56. Ra8 Kf4 57. Re8 1-0

[Event "AUT-ch"]
[Site "Werfen"]
[Date "1998.08.16"]
[Round "9"]
[White "Neubauer, Martin"]
[Black "Herndl, Harald"]
[Result "1/2-1/2"]
[WhiteElo "2305"]
[BlackElo "2375"]
[PlyCount "116"]
[EventDate "1998.08.08"]
[EventType "swiss"]
[EventRounds "9"]
[EventCountry "AUT"]
[SourceTitle "EXT 2001"]
[Source "ChessBase"]
[SourceDate "2000.11.22"]
[SourceVersion "1"]
[SourceVersionDate "2000.11.22"]
[SourceQuality "1"]

1. e4 e6 2. Nc3 d5 3. d4 Nf6 4. e5 Nfd7 5. f4 c5 6. Nf3 Nc6 7. Be3 a6 8. Qd2 b5 9. Be2 Qb6 10. Nd1 a5 11. 0-0 b4 12. c3 Ba6 13. Bxa6 Rxa6 14. Bf2 g6 15. Bh4 Bg7 16. Ne3 0-0 17. Rad1 Rb8 18. f5 bxc3 19. bxc3 cxd4 20. cxd4 gxf5 21. Kh1 Qb2 22. Qe1 Rb4 23. Rf2 Qa3 24. Nc2 Qa4 25. Nxb4 Nxb4 26. Be7 Rc6 27. Bxb4 axb4 28. Rb2 h6 29. Rdb1 Bf8 30. Qg3+ Kh7 31. Qf2 Nb6 32. Rg1 Rc3 33. Re2 Qa3 34. Nh4 Be7 35. Nxf5 exf5 36. Qxf5+ Kh8 37. Qxf7 b3 38. Rf2 Rc8 39. axb3 Rf8 40. Qg6 Rxf2 41. Qxh6+ Kg8 42. Qxb6 Kf7 43. Qb5 Qa8 44. Rf1 Rxf1+ 45. Qxf1+ Kg7 46. h3 Qa7 47. Qd1 Qb6 48. Kh2 Bg5 49. Qg4 Kh6 50. h4 Be7 51. Qd7 Bxh4 52. Qxd5 Bf2 53. Qd6+ Qxd6 54. exd6 Bxd4 55. d7 Bb6 56. g4 Kg5 57. Kg3 Kf6 58. Kf4 Ke7 1/2-1/2

[Event "AUT-chT 9798"]
[Site "Austria"]
[Date "1998.03.07"]
[Round "10"]
[White "Herndl, Harald"]
[Black "Danner, Georg"]
[Result "1-0"]
[WhiteElo "2370"]
[BlackElo "2385"]
[PlyCount "149"]
[EventDate "1997.10.12"]
[EventType "team-tourn"]
[EventRounds "11"]
[EventCountry "AUT"]
[SourceTitle "CBM 063 ext"]
[Source "ChessBase"]
[SourceDate "1998.04.29"]
[SourceVersion "1"]
[SourceVersionDate "1998.04.29"]
[SourceQuality "1"]
[WhiteTeam "Graz Austria"]
[BlackTeam "Gleisdorf"]
[WhiteTeamCountry "AUT"]
[BlackTeamCountry "AUT"]

1. d4 c5 2. d5 f5 3. g3 g6 4. Bg2 Bg7 5. Nh3 d6 6. 0-0 Nf6 7. c4 0-0 8. Nc3 Na6 9. Nf4 Nc7 10. Qc2 Rb8 11. b3 b5 12. cxb5 Nxb5 13. Nxb5 Rxb5 14. Bb2 Qb6 15. Bc3 Ng4 16. Bxg7 Kxg7 17. e4 Rb4 18. Qc3+ Kg8 19. exf5 Bxf5 20. Rae1 Ne5 21. Re3 c4 22. Be4 Bd7 23. Bc2 cxb3 24. Bxb3 Rc8 25. Qa1 Qd4 26. Qxd4 Rxd4 27. Ne2 Rd3 28. Rxd3 Nxd3 29. Nd4 Kf8 30. f4 Rc3 31. f5 gxf5 32. Nxf5 Bxf5 33. Rxf5+ Kg7 34. Kg2 Nc5 35. Rf3 Rc1 36. Re3 Kf7 37. Rf3+ Kg6 38. Re3 Kf6 39. Rf3+ Kg7 40. Re3 Kf8 41. Rf3+ Ke8 42. Rf2 a5 43. Bc2 h6 44. h4 Re1 45. Bg6+ Kd7 46. g4 Ne4 47. Rc2 e6 48. Bf7 exd5 49. Bxd5 Nf6 50. Bf3 Re5 51. Kg3 Ke6 52. Rc7 Rb5 53. Rg7 d5 54. Rg6 Ke5 55. Rxh6 d4 56. g5 Ne4+ 57. Bxe4 Kxe4 58. Re6+ Kd5 59. Re8 Rb1 60. h5 Rg1+ 61. Kf4 Rf1+ 62. Kg4 d3 63. h6 Rh1 64. Kf5 Kc4 65. Rd8 Kc3 66. Kg6 d2 67. h7 Kc2 68. Kg7 d1Q 69. Rxd1 Kxd1 70. h8Q Rxh8 71. Kxh8 Kc2 72. g6 Kb2 73. a4 Kb3 74. g7 Kxa4 75. g8Q 1-0

[Event "Vienna op 13th"]
[Site "Vienna"]
[Date "1998.??.??"]
[Round "?"]
[White "Beckhuis, Gernod"]
[Black "Herndl, Harald"]
[Result "1/2-1/2"]
[WhiteElo "2275"]
[BlackElo "2370"]
[PlyCount "92"]
[EventDate "1998.10.25"]
[EventType "swiss"]
[EventRounds "9"]
[EventCountry "AUT"]
[SourceTitle "EXT 2000"]
[Source "ChessBase"]
[SourceDate "1999.11.16"]
[SourceVersion "1"]
[SourceVersionDate "1999.11.16"]
[SourceQuality "1"]

1. Nf3 d5 2. d4 Nf6 3. c4 c6 4. Nc3 dxc4 5. a4 Bf5 6. Ne5 e6 7. f3 Bb4 8. e4 Bxe4 9. fxe4 Nxe4 10. Bd2 Qxd4 11. Nxe4 Qxe4+ 12. Qe2 Bxd2+ 13. Kxd2 Qd5+ 14. Kc2 Na6 15. Nxc4 0-0-0 16. Qe3 Nc5 17. Be2 Qf5+ 18. Kc3 Rd5 19. Rhf1 Qg6 20. b4 Ne4+ 21. Kb3 Rhd8 22. Rad1 f5 23. Qxa7 Rxd1 24. Rxd1 Rxd1 25. Bxd1 Qxg2 26. Bc2 Qf3+ 27. Qe3 Nd2+ 28. Kc3 Qxe3+ 29. Nxe3 Nf3 30. h3 g5 31. Nxf5 exf5 32. Bxf5+ Kc7 33. Bxh7 Kd6 34. a5 Ng1 35. Bf5 Ne2+ 36. Kc4 Nf4 37. Bc8 Kc7 38. Bg4 Kd6 39. Bc8 Kc7 40. Bg4 Kd6 41. b5 cxb5+ 42. Kxb5 Kc7 43. Kc5 Kb8 44. Kb6 Nd5+ 45. Kc5 Nf4 46. Kb6 Nd5+ 1/2-1/2

[Event "AUT-chT 9899"]
[Site "Austria"]
[Date "1998.??.??"]
[Round "?"]
[White "Moser, Guenter"]
[Black "Herndl, Harald"]
[Result "0-1"]
[WhiteElo "2350"]
[BlackElo "2370"]
[PlyCount "120"]
[EventDate "1998.??.??"]
[EventType "team"]
[EventRounds "11"]
[EventCountry "AUT"]
[SourceTitle "EXT 2000"]
[Source "ChessBase"]
[SourceDate "1999.11.16"]
[SourceVersion "1"]
[SourceVersionDate "1999.11.16"]
[SourceQuality "1"]

1. d4 d5 2. c4 c6 3. e3 Nf6 4. Nc3 g6 5. Nf3 Bg7 6. Be2 0-0 7. Bd2 dxc4 8. Bxc4 Bg4 9. h3 Bxf3 10. Qxf3 Nbd7 11. 0-0 e5 12. Bb3 Qe7 13. Rac1 Rad8 14. Na4 exd4 15. exd4 Qe4 16. Qxe4 Nxe4 17. Ba5 b6 18. Bb4 Rfe8 19. Rfd1 Nb8 20. d5 c5 21. Be1 Nd6 22. Bc2 c4 23. Kf1 Na6 24. Bc3 b5 25. Bxg7 Kxg7 26. Nc3 Nc5 27. b4 cxb3 28. axb3 b4 29. Ne2 Ndb7 30. Rd4 a5 31. g4 Re5 32. Nf4 Re7 33. h4 Rc7 34. Bd1 Nd6 35. Ra1 Ncb7 36. Be2 Rc3 37. Rd3 Rdc8 38. Rxc3 Rxc3 39. Rb1 Nc5 40. Bd1 Kf8 41. Kg2 Ke7 42. Ne2 Rd3 43. Nf4 Rd2 44. Kf3 Nde4 45. Ke3 Rxf2 46. Be2 Rh2 47. d6+ Kxd6 48. Rd1+ Kc7 49. Nd5+ Kb8 50. Bf3 Nc3 51. Nxc3 bxc3 52. Rd5 Na6 53. Rd8+ Ka7 54. Rd7+ Kb8 55. Rd8+ Kc7 56. Rd3 c2 57. Rc3+ Kd7 58. Kf4 Nb4 59. Be4 Kd6 60. Kg5 Ke5 0-1

[Event "Vienna op 13th"]
[Site "Vienna"]
[Date "1998.??.??"]
[Round "?"]
[White "Schwab, Rene"]
[Black "Herndl, Harald"]
[Result "1/2-1/2"]
[WhiteElo "2290"]
[BlackElo "2370"]
[PlyCount "155"]
[EventDate "1998.10.25"]
[EventType "swiss"]
[EventRounds "9"]
[EventCountry "AUT"]
[SourceTitle "EXT 2000"]
[Source "ChessBase"]
[SourceDate "1999.11.16"]
[SourceVersion "1"]
[SourceVersionDate "1999.11.16"]
[SourceQuality "1"]

1. e4 Nf6 2. Nc3 d5 3. d3 e5 4. Bg5 d4 5. Nce2 c5 6. b3 Be7 7. a4 Nc6 8. g3 Be6 9. Bg2 Nd7 10. Bd2 g5 11. f3 Nf8 12. Bh3 Qd7 13. Bxe6 Qxe6 14. g4 h5 15. Ng3 hxg4 16. Nf5 0-0-0 17. fxg4 Ng6 18. Nf3 Nf4 19. Bxf4 exf4 20. h3 Rh7 21. Kf2 Rdh8 22. Kg2 f6 23. Qe2 Bd8 24. Rh2 Ba5 25. Rah1 Ne5 26. Nxe5 fxe5 27. h4 gxh4 28. Rxh4 Rxh4 29. Rxh4 Rxh4 30. Nxh4 Bd8 31. Nf5 Qg6 32. Qf3 Qh7 33. Nd6+ Kc7 34. Nc4 Bf6 35. Qh3 Qg6 36. Kf3 b6 37. Qh5 Qxh5 38. gxh5 Kd7 39. Kg4 Ke6 40. a5 b5 41. Na3 b4 42. Nb5 a6 43. Nc7+ Kd7 44. Nd5 Bg7 45. Nb6+ Ke7 46. Kg5 f3 47. Nc4 f2 48. Nd2 Kf7 49. Nf1 Bf6+ 50. Kf5 Bg7 51. Ng3 Bf6 52. Kg4 Kg7 53. Kf3 Kh6 54. Nf5+ Kxh5 55. Kxf2 Kg4 56. Nd6 Kf4 57. Nc4 Bh4+ 58. Ke2 Be7 59. Nb6 Kg3 60. Nd7 Bd6 61. Nb6 Be7 62. Nc4 Kf4 63. Kf2 Bh4+ 64. Kg2 Bd8 65. Kf2 Be7 66. Ke2 Bd8 67. Nb6 Bh4 68. Nd5+ Kg4 69. Nc7 Be7 70. Kf2 Bh4+ 71. Kf1 Be7 72. Kg2 Bd6 73. Nd5 Bf8 74. Nf6+ Kf4 75. Kf2 Bd6 76. Ne8 Be7 77. Nc7 Bd6 78. Nd5+ 1/2-1/2

[Event "Vienna op 13th"]
[Site "Vienna"]
[Date "1998.??.??"]
[Round "?"]
[White "Trkulja, Zoran"]
[Black "Herndl, Harald"]
[Result "1-0"]
[WhiteElo "2170"]
[BlackElo "2370"]
[PlyCount "89"]
[EventDate "1998.10.25"]
[EventType "swiss"]
[EventRounds "9"]
[EventCountry "AUT"]
[SourceTitle "EXT 2000"]
[Source "ChessBase"]
[SourceDate "1999.11.16"]
[SourceVersion "1"]
[SourceVersionDate "1999.11.16"]
[SourceQuality "1"]

1. e4 e5 2. Nf3 Nf6 3. d4 Nxe4 4. Bd3 d5 5. Nxe5 Nd7 6. Nxd7 Bxd7 7. 0-0 Bd6 8. Qh5 c6 9. Nc3 Nf6 10. Re1+ Be6 11. Rxe6+ Kf8 12. Rxf6 Qxf6 13. Ne2 h6 14. Qg4 g6 15. Bf4 Bxf4 16. Nxf4 h5 17. Qg3 Re8 18. c3 Kg7 19. h4 Kh6 20. Rd1 Re7 21. Nh3 Rhe8 22. Kf1 Kg7 23. Ng5 Rc8 24. Nf3 b6 25. Ne5 c5 26. Re1 cxd4 27. cxd4 Rec7 28. Re3 Rc1+ 29. Ke2 R8c7 30. Rf3 Qd6 31. Qg5 Ra1 32. g4 hxg4 33. Nxg4 Re7+ 34. Ne5 Rh1 35. a3 b5 36. Kd2 Qc7 37. Bc2 Qd6 38. Ng4 Re6 39. Qh6+ Kg8 40. Qg5 Kg7 41. Nh6 Qb6 42. Rxf7+ Kh8 43. Qxd5 Rhe1 44. Qa8+ Re8 45. Rf8+ 1-0

[Event "AUT-chT 9899"]
[Site "Austria"]
[Date "1998.??.??"]
[Round "?"]
[White "Videki, Sandor"]
[Black "Herndl, Harald"]
[Result "1-0"]
[WhiteElo "2430"]
[BlackElo "2370"]
[PlyCount "77"]
[EventDate "1998.??.??"]
[EventType "team"]
[EventRounds "11"]
[EventCountry "AUT"]
[SourceTitle "EXT 2000"]
[Source "ChessBase"]
[SourceDate "1999.11.16"]
[SourceVersion "1"]
[SourceVersionDate "1999.11.16"]
[SourceQuality "1"]

1. e4 e6 2. d4 d5 3. Nc3 Nf6 4. Bg5 dxe4 5. Nxe4 Nbd7 6. Nf3 Be7 7. Nxf6+ Bxf6 8. Bxf6 Qxf6 9. Bc4 0-0 10. Qe2 a6 11. Qe4 c5 12. 0-0-0 Rb8 13. dxc5 Nxc5 14. Qd4 Qxd4 15. Rxd4 b5 16. b4 bxc4 17. bxc5 c3 18. Rc4 Rb2 19. Rxc3 Rxa2 20. Kb1 Ra4 21. Rd1 f6 22. c6 Kf7 23. c7 e5 24. Rd8 Rb4+ 25. Kc1 Rb7 26. Rd6 a5 27. Nd2 Ke7 28. Rdc6 Rb4 29. Nc4 a4 30. Nb6 Rd4 31. Rd3 Rxd3 32. cxd3 f5 33. Kb2 e4 34. d4 Bd7 35. c8Q Bxc8 36. Rxc8 Rxc8 37. Nxc8+ Ke6 38. Nb6 f4 39. Nxa4 1-0

[Event "Schwarzach op-A"]
[Site "Schwarzach"]
[Date "1997.08.28"]
[Round "6.4"]
[White "Herndl, Harald"]
[Black "Kniest, Oliver"]
[Result "1/2-1/2"]
[WhiteElo "2365"]
[BlackElo "2240"]
[PlyCount "105"]
[EventDate "1997.08.23"]
[EventType "swiss"]
[EventRounds "9"]
[EventCountry "AUT"]
[SourceTitle "EXT 1999"]
[Source "ChessBase"]
[SourceDate "1998.11.16"]
[SourceVersion "1"]
[SourceVersionDate "1998.11.16"]
[SourceQuality "1"]

1. d4 d5 2. c4 e6 3. Nf3 c5 4. e3 Nc6 5. Nc3 Nf6 6. a3 a6 7. dxc5 Bxc5 8. b4 Ba7 9. Bb2 0-0 10. Qc2 Qe7 11. Rd1 Rd8 12. Be2 dxc4 13. Rxd8+ Nxd8 14. Ne4 Nxe4 15. Qxe4 Bd7 16. Bxc4 Rc8 17. Ne5 Be8 18. 0-0 Bb8 19. Bb3 f6 20. Nf3 Bf7 21. Nd4 Qc7 22. f4 e5 23. Bxf7+ Nxf7 24. Nf5 Qd7 25. fxe5 Nxe5 26. Bxe5 Bxe5 27. Qg4 Rd8 28. h4 Kf8 29. h5 Qf7 30. Nh4 Bc7 31. e4 Bb6+ 32. Kh1 Qc4 33. Qf5 Re8 34. h6 Rxe4 35. hxg7+ Kg8 36. g3 Qc6 37. Qf3 Kxg7 38. Kh2 Re6 39. Nf5+ Kf8 40. Qg4 Qc2+ 41. Kh3 Qe2 42. Qg7+ Ke8 43. Qg8+ Kd7 44. Qxh7+ Kc8 45. Qh8+ Bd8 46. Rc1+ Rc6 47. Qh7 Qe6 48. Rd1 Rc7 49. Qg6 Rd7 50. Rxd7 Qxd7 51. Qg4 Kb8 52. Qe4 Bc7 53. Kg4 1/2-1/2

[Event "Schwarzach op-A"]
[Site "Schwarzach"]
[Date "1997.08.26"]
[Round "4.3"]
[White "Herndl, Harald"]
[Black "Burmakin, Vladimir"]
[Result "1/2-1/2"]
[WhiteElo "2365"]
[BlackElo "2550"]
[PlyCount "74"]
[EventDate "1997.08.23"]
[EventType "swiss"]
[EventRounds "9"]
[EventCountry "AUT"]
[SourceTitle "EXT 1999"]
[Source "ChessBase"]
[SourceDate "1998.11.16"]
[SourceVersion "1"]
[SourceVersionDate "1998.11.16"]
[SourceQuality "1"]

1. d4 d5 2. c4 e6 3. Nf3 Nf6 4. Nc3 Nbd7 5. e3 Be7 6. Bd3 0-0 7. 0-0 b6 8. e4 dxe4 9. Nxe4 Bb7 10. Qe2 c5 11. dxc5 Bxe4 12. Bxe4 Nxe4 13. Qxe4 Nxc5 14. Qe2 Qd3 15. Re1 Rfd8 16. Bg5 f6 17. Be3 Qxe2 18. Rxe2 Nd3 19. Nd4 e5 20. Nc6 Rd7 21. Rd2 e4 22. f3 f5 23. fxe4 fxe4 24. Nxe7+ Rxe7 25. Rf1 Rf8 26. b3 Rff7 27. Rdd1 Kf8 28. Rxf7+ Kxf7 29. Kf1 Ke6 30. Ke2 Rf7 31. Rf1 Rxf1 32. Kxf1 Nb4 33. a4 Nc6 34. c5 bxc5 35. Bxc5 Kd5 36. Be3 a6 37. Ke2 Nd4+ 1/2-1/2

[Event "AUT-chT 9697"]
[Site "Austria"]
[Date "1997.??.??"]
[Round "11"]
[White "Herndl, Harald"]
[Black "Plank, Franz"]
[Result "1-0"]
[WhiteElo "2365"]
[BlackElo "2265"]
[PlyCount "125"]
[EventDate "1996.??.??"]
[EventType "team"]
[EventRounds "11"]
[EventCountry "AUT"]
[SourceTitle "CBM 057 Extra"]
[Source "ChessBase"]
[SourceDate "1997.05.01"]
[SourceVersion "1"]
[SourceVersionDate "1997.05.01"]
[SourceQuality "1"]

1. d4 d5 2. c4 e6 3. Nf3 c6 4. Qc2 Nd7 5. e3 Ngf6 6. Nc3 Bd6 7. Be2 0-0 8. 0-0 dxc4 9. Bxc4 e5 10. h3 Qc7 11. a3 exd4 12. exd4 Bf4 13. Ba2 Nb6 14. Re1 Bxc1 15. Raxc1 Qd6 16. Ne4 Nxe4 17. Qxe4 Bd7 18. Ng5 Qh6 19. Qf4 Rae8 20. Rxe8 Bxe8 21. Re1 Qf6 22. Qxf6 gxf6 23. Ne4 Kg7 24. Nd6 Bd7 25. Re7 f5 26. Nxb7 Kf6 27. Re5 Be6 28. Bxe6 fxe6 29. Nc5 Re8 30. b3 Re7 31. Re1 Nd7 32. Rc1 Nxc5 33. Rxc5 Rd7 34. Rxc6 Rxd4 35. Rc7 Rd1+ 36. Kh2 a5 37. Rxh7 Ra1 38. a4 Rb1 39. Ra7 Rxb3 40. Rxa5 Ra3 41. f4 Rb3 42. Ra8 Ra3 43. a5 Ra4 44. a6 Ra3 45. g4 fxg4 46. hxg4 Ra2+ 47. Kg3 Ra3+ 48. Kh4 Ra5 49. a7 Kg7 50. Re8 Rxa7 51. Rxe6 Ra5 52. f5 Ra1 53. Kg5 Ra4 54. Re7+ Kg8 55. Rb7 Rc4 56. Kh5 Rc6 57. g5 Ra6 58. g6 Ra1 59. Kg5 Ra5 60. Kh6 Rxf5 61. Rb8+ Rf8 62. Rxf8+ Kxf8 63. Kh7 1-0

[Event "AUT-chT 9596"]
[Site "Austria"]
[Date "1996.??.??"]
[Round "?"]
[White "Dueckstein, Andreas"]
[Black "Herndl, Harald"]
[Result "0-1"]
[WhiteElo "2340"]
[BlackElo "2335"]
[PlyCount "84"]
[EventDate "1995.??.??"]
[EventType "team"]
[EventRounds "11"]
[EventCountry "AUT"]
[SourceTitle "CBM 052 Extra"]
[Source "ChessBase"]
[SourceDate "1996.07.01"]
[SourceVersion "1"]
[SourceVersionDate "1996.07.01"]
[SourceQuality "1"]

1. e4 e6 2. d4 d5 3. e5 c5 4. c3 Nc6 5. Nf3 Nh6 6. Bd3 Nf5 7. 0-0 cxd4 8. Bxf5 exf5 9. Nxd4 Be7 10. Re1 Nxd4 11. Qxd4 Be6 12. Be3 0-0 13. Nd2 Qd7 14. f4 Rfc8 15. Qd3 Qa4 16. Bd4 Rc6 17. h3 Rac8 18. Re3 b5 19. b4 a5 20. bxa5 Qxa5 21. Nb3 Qa4 22. Kh2 b4 23. cxb4 Bxb4 24. Re2 h6 25. Rd1 Rc4 26. Qb1 Ba3 27. Rf2 Qb4 28. Qd3 Bd7 29. Qg3 Be6 30. Qe3 Qa4 31. Rd3 Bb4 32. Nd2 Rc2 33. a3 Be7 34. Nb1 Rxf2 35. Qxf2 Qb5 36. Qf1 Rc2 37. Qd1 Rc1 38. Qxc1 Qxd3 39. Bf2 d4 40. Qb2 Bc5 41. Qc1 Bd5 42. Qb2 Qf1 0-1